Doing research about education (Record no. 194584)
[ view plain ]
| 000 -LEADER | |
|---|---|
| fixed length control field | 01071nam a2200277Ia 4500 |
| 245 00 - TITLE STATEMENT | |
| Title | Doing research about education |
| 260 ## - PUBLICATION, DISTRIBUTION, ETC. (IMPRINT) | |
| Place of publication | London ; |
| -- | Philadelphia, PA : |
| Name of publisher | Falmer Press, |
| Year of publication | 1998. |
| 300 ## - PHYSICAL DESCRIPTION | |
| Number of Pages | vii, 208 p. |
| 650 #0 - SUBJECT ADDED ENTRY--TOPICAL TERM | |
| Topical Term | Education |
| Topical Term | Education. |
| 700 1# - ADDED ENTRY--PERSONAL NAME | |
| Personal name | Walford, Geoffrey. |
| 856 40 - ELECTRONIC LOCATION AND ACCESS | |
| Uniform Resource Identifier | http://site.ebrary.com/lib/rucke/Doc?id=10095082 |
No items available.
